Responses for show #3023 - Wednesday, October 22, 1997

Contestants

Laura Hansen, a political consultant from Washington, D.C.

Jimmy Crain, a civil engineer from Leesburg, Virginia

Betty Altruda, an English professor from Manalapan, New Jersey (whose 2-day cash winnings total $25,001)

Jeopardy! Round responses

DANCING IN THE BIBLE
INTERNATIONAL CUISINE
MOVIE QUOTES
THE 1980s
LIBRARIES
AUTHORS' RHYME TIME
    $100 26
The golden calf

Betty
    $100 2
Cross

Laura
    $100 17
The Godfather

Betty
    $100 12
(PMRC - Parents Music Resource Center)

Records (cassettes, CDs)

Betty
    $100 6
Bing Crosby

"Jimmy"
    $100 1
Shaw's laws

Laura
    $200 27
Fatted calf

Betty
    $200 3
Asparagus

Laura
    $200 18
King Kong

Betty
    $200 15
Vincent Van Gogh

Betty
    $200 7
Jordan

"Jimmy"
    $200 11
Jane's canes

Laura
    $300 28
Herod

Betty
    $300 4
Caribbean Sea

"Jimmy"
    $300 19
Steve Martin

Betty
    $700 23
[Alex tries to solve the cube.]
("Jimmy": Who is Rubiks?... Rubik?)
(Alex: Give me a second here... Jimmy, we have to accept your first response, which was "Rubiks".)

Ernő Rubik

"Jimmy"
    $300 8
Notre Dame

Triple Stumper
    $300 13
Will's quills

Betty
    $400 29
(L: What are proverbs?)

Psalms

BettyLaura
    $400 5
Potatoes

"Jimmy"
    $400 20
John Wayne

Betty
    $400 24
"Where's the beef?"

"Jimmy"
    $400 9
Yale

Betty
    $400 14
Buck's ducks

Laura
    $500 30
"Turn! Turn! Turn!"

Betty
    $500 22
(B: What are clams?)

Mussels

Betty"Jimmy"
    $500 21
Sandra Bullock (in "Speed")

Triple Stumper
    $500 25
Cold fusion

Laura
    $500 10
(B: What is Texas A&M?)

Baylor

Betty
Triple Stumper
    $500 16
Fleming's lemmings

Betty

Scores at the first commercial break (after clue 15):

Betty "Jimmy" Laura
$500 $1,000 $1,000

Scores at the end of the Jeopardy! Round:

Betty "Jimmy" Laura
$3,000 $1,200 $1,100

Double Jeopardy! Round responses

THE NOBEL PRIZE
ON THE MAP
WOMEN IN MYTHOLOGY
BY THE "BOOK"
IT'S MY PARTY
(Alex: "And I'll cry if I want to!")
PLAY SOME MUSIC
    $200 1
Winston Churchill

Betty
    $200 18
Spa

Betty
    $200 2
Venus

Laura
    $200 9
Checkbook

Laura
    $200 7
Bull Moose

Betty
    $200 22
Neil Diamond

"Jimmy"
    $400 13
Wilhelm Roentgen

Betty
    $400 23
(Alex: You're out of the hole, & we have a minute to go...)

Antarctica

"Jimmy"
    $400 3
Muses

Laura
    $400 14
"The Book of Love"

Laura
    $400 8
ANC (African National Congress)

Triple Stumper
    $400 27
[The end-of-round signal sounds.]

"Play That Funky Music"

Betty
    $600 15
Albert Schweitzer

"Jimmy"
    $600 24
Tasmania

"Jimmy"
    $600 4
(B: Who is Eve?)

Pandora

Betty
Triple Stumper
    $600 19
"Book 'em, Danno!"

"Jimmy"
    $600 10
Tony Blair

Laura
    $800 16
Economics

Laura
    $1,000 25
Labrador

"Jimmy"
    $500 5
Arachne

Laura
    $800 20
Booker T

Betty
    $800 11
Populist

Laura
    $1000 17
(J: What is Peace?)

Medicine

"Jimmy"
Triple Stumper
    $1000 26
Equatorial Guinea

Laura
    $1000 6
(Jimmy: Who is Hera?)
(Betty: Who is Atalanta?)
...
(Alex: He didn't, and all sorts of bad things began to happen after that...)

Athena

Betty"Jimmy"
Triple Stumper
    $1000 21
The Book of the Dead

Triple Stumper
    $1000 12
(J: What is the Sandinistas?)
(Alex: I need the name)
(J: no response)

Augusto Sandino

"Jimmy"
Triple Stumper

Scores at the end of the Double Jeopardy! Round:

Betty "Jimmy" Laura
$3,600 $1,600 $6,000

[wagering suggestions for these scores]

Final Jeopardy! Round responses

MODERN U.S. HISTORY
(Alex: Named for Chief Justice Earl Warren.)
"Jimmy"What
$1,600
BettyWhat is the Contract for
$3,500
LauraWhat is the Warren Commission
$2,500
The Warren Commission

Final scores:

Betty "Jimmy" Laura
$100 $0 $8,500
2nd place: a Sony VAIO desktop PC + a Bush Industries office armoire 3rd place: a Meade Model 395 telescope New champion: $8,500

Game dynamics:

Coryat scores:

Betty "Jimmy" Laura
$3,600 $2,100 $6,300
20 R,
4 W
12 R
(including 1 DD),
4 W
(including 1 DD)
15 R
(including 1 DD),
1 W

Combined Coryat: $12,000

The J! Archive is created by fans, for fans. The Jeopardy! game show and all elements thereof, including but not limited to copyright and trademark thereto, are the property of Jeopardy Productions, Inc. and are protected under law. This website is not affiliated with, sponsored by, or operated by Jeopardy Productions, Inc. Join the discussion at JBoard.tv.